[Event "Madrid ch Veteranos 2018-2019"]
[Site "Madrid ESP"]
[Date "2019.01.16"]
[Round "8.22"]
[White "Ramos Antona, Enrique"]
[Black "Martinez Carrasco, Jesus"]
[Result "1-0"]
[WhiteElo "1561"]
[BlackElo "1601"]
[PlyCount "120"]
[EventDate "2019.01.07"]
[EventType "swiss"]
[EventRounds "9"]
[EventCountry "ESP"]
[SourceTitle "Ajedrez en Madrid"]
[Source "lmi"]
[SourceDate "2019.01.07"]
[SourceVersion "1"]
[SourceVersionDate "2019.01.22"]
[SourceQuality "1"]

1. d4 Nf6 2. c4 g6 3. Nf3 Bg7 4. g3 O-O 5. Bg2 d6 6. O-O Re8 7. Nc3 Nbd7 8. Bg5
h6 9. Bxf6 Nxf6 10. e3 c6 11. Qb3 Rb8 12. Nd2 Bd7 13. Qa3 a6 14. b4 Qc8 15.
Rfe1 Bh3 16. Bh1 Be6 17. Rac1 Rd8 18. d5 Bd7 19. Qb3 Re8 20. a4 Ng4 21. c5 Ne5
22. Ne2 Qd8 23. cxd6 exd6 24. Nf4 Rc8 25. Nc4 Ng4 26. Nxd6 Nf6 27. Nxc8 Qxc8
28. dxc6 Bxc6 29. Bxc6 bxc6 30. f3 g5 31. Nd3 g4 32. f4 Ne4 33. Re2 h5 34. Nf2
Nd6 35. e4 Bd4 36. Qd3 c5 37. Kf1 Qc6 38. bxc5 Bxc5 39. Qd5 Qxd5 40. exd5 Rxe2
41. Kxe2 Bb4 42. Kd3 f5 43. Rc7 a5 44. Kd4 Nf7 45. Nd3 Bd2 46. Ra7 Nd6 47. Rd7
Ne4 48. Nc5 Bc3+ 49. Kc4 Nxc5 50. Kxc5 Be1 51. d6 Bf2+ 52. Kb5 Bg1 53. Rh7 Bxh2
54. Rxh5 Bxg3 55. Rxf5 Bh4 56. Rd5 Kf7 57. f5 Bd8 58. Rd4 Kf6 59. Rxg4 Kxf5 60.
Rg8 Bh4 1-0

[Event "Madrid ch Veteranos 2018-2019"]
[Site "Madrid ESP"]
[Date "2019.01.16"]
[Round "8.24"]
[White "Martin Rodriguez, Jose Luis"]
[Black "Lopez Guitian, Juan J"]
[Result "0-1"]
[WhiteElo "1285"]
[BlackElo "1577"]
[PlyCount "70"]
[EventDate "2019.01.07"]
[EventType "swiss"]
[EventRounds "9"]
[EventCountry "ESP"]
[SourceTitle "Ajedrez en Madrid"]
[Source "lmi"]
[SourceDate "2019.01.07"]
[SourceVersion "1"]
[SourceVersionDate "2019.01.22"]
[SourceQuality "1"]

1. c4 e5 2. Nc3 Nf6 3. Nf3 Nc6 4. g3 Bb4 5. Bg2 O-O 6. O-O Re8 7. d3 h6 8. a3
Bxc3 9. bxc3 e4 10. Nd4 d6 11. Rb1 Ne5 12. a4 c6 13. Ba3 c5 14. Nb3 Rb8 15. Nc1
b6 16. f3 e3 17. Nb3 Bb7 18. Bc1 Ng6 19. Na1 d5 20. Nc2 Ba6 21. Nxe3 d4 22.
cxd4 Qxd4 23. Rf2 Rxe3 24. Bxe3 Qxe3 25. Qe1 Re8 26. Rb2 Ne5 27. Qd2 Qd4 28.
Kf1 Rd8 29. h4 Nxc4 30. dxc4 Qxd2 31. Rxd2 Rxd2 32. Ke1 Rc2 33. Bf1 Rxc4 34. e3
Rxa4 35. Rd2 Ra1+ 0-1

[Event "Madrid ch Veteranos 2018-2019"]
[Site "Madrid ESP"]
[Date "2019.01.16"]
[Round "8.25"]
[White "Perez Ramos, Miguel Angel"]
[Black "De Juan Rivas, Antonio"]
[Result "0-1"]
[WhiteElo "1131"]
[BlackElo "1560"]
[PlyCount "84"]
[EventDate "2019.01.07"]
[EventType "swiss"]
[EventRounds "9"]
[EventCountry "ESP"]
[SourceTitle "Ajedrez en Madrid"]
[Source "lmi"]
[SourceDate "2019.01.07"]
[SourceVersion "1"]
[SourceVersionDate "2019.01.22"]
[SourceQuality "1"]

1. e4 d6 2. d4 Nf6 3. Nc3 g6 4. Be2 Bg7 5. Nf3 O-O 6. h3 c6 7. Be3 Nbd7 8. Qd2
d5 9. Bd3 dxe4 10. Nxe4 b5 11. b4 Nb6 12. Nc3 Nbd5 13. Nxd5 Nxd5 14. c3 Be6 15.
Ne5 Nxe3 16. Qxe3 Bd5 17. f3 f5 18. Qe2 Rf6 19. f4 a5 20. h4 h5 21. Rh3 Bh6 22.
g3 axb4 23. cxb4 Qd6 24. Qd2 Qe6 25. Rh2 Kg7 26. Re2 Qd6 27. Bb1 Ra3 28. Bd3
Qc7 29. Qb2 Ra8 30. a3 Rd8 31. Rc2 Qb6 32. Rc5 Rfd6 33. Rac1 Kg8 34. Qc2 Bg7
35. Nxc6 Bxc6 36. Rxc6 Qxd4 37. Rxd6 Qe3+ 38. Kd1 Rxd6 39. Qb3+ Kh7 40. Kc2
Rc6+ 41. Kb1 Qxc1+ 42. Ka2 Qa1# 0-1

[Event "Madrid ch Veteranos 2018-2019"]
[Site "Madrid ESP"]
[Date "2019.01.16"]
[Round "8.26"]
[White "Abad Martin-Camuñas, Luis"]
[Black "Perales Hernandez, Manuel"]
[Result "1-0"]
[WhiteElo "1369"]
[BlackElo "1333"]
[PlyCount "75"]
[EventDate "2019.01.07"]
[EventType "swiss"]
[EventRounds "9"]
[EventCountry "ESP"]
[SourceTitle "Ajedrez en Madrid"]
[Source "lmi"]
[SourceDate "2019.01.07"]
[SourceVersion "1"]
[SourceVersionDate "2019.01.22"]
[SourceQuality "1"]

1. d4 d5 2. Bf4 Bf5 3. e3 a6 4. Bd3 Bd7 5. Qf3 e6 6. c4 c6 7. Nc3 h5 8. h3 g5
9. Be5 f6 10. Bxb8 Qxb8 11. Bg6+ Ke7 12. Bxh5 dxc4 13. Qe2 b5 14. Bf3 Qd6 15.
Qc2 f5 16. g4 f4 17. Nge2 fxe3 18. fxe3 Re8 19. O-O-O Kd8 20. e4 Re7 21. e5 Qc7
22. Ne4 Bh6 23. Kb1 Rf7 24. Bg2 Ne7 25. Rhf1 Rhf8 26. Rxf7 Rxf7 27. Rf1 Be8 28.
Ka1 Nd5 29. Qd2 Rg7 30. Nc5 Ke7 31. Nxa6 Qa7 32. Nb4 Bg6 33. Nxd5+ cxd5 34.
Qb4+ Kd7 35. Qd6+ Kc8 36. Qc6+ Kd8 37. Rf8+ Ke7 38. Qd6# 1-0

[Event "Madrid ch Veteranos 2018-2019"]
[Site "Madrid ESP"]
[Date "2019.01.16"]
[Round "8.27"]
[White "Sierra Garcia, Ricardo"]
[Black "Suarez Mencia, Roberto"]
[Result "0-1"]
[WhiteElo "1394"]
[BlackElo "1392"]
[PlyCount "114"]
[EventDate "2019.01.07"]
[EventType "swiss"]
[EventRounds "9"]
[EventCountry "ESP"]
[SourceTitle "Ajedrez en Madrid"]
[Source "lmi"]
[SourceDate "2019.01.07"]
[SourceVersion "1"]
[SourceVersionDate "2019.01.22"]
[SourceQuality "1"]

1. e4 c5 2. Nf3 Nc6 3. Bb5 a6 4. Ba4 b5 5. Bb3 c4 6. c3 cxb3 7. Qxb3 e6 8. d4
d5 9. Qc2 Bd7 10. exd5 exd5 11. O-O Nf6 12. Nbd2 Be7 13. Re1 O-O 14. h3 b4 15.
Nf1 bxc3 16. bxc3 Rb8 17. Bf4 Rb7 18. Ng3 Na5 19. Nf5 Bxf5 20. Qxf5 g6 21. Qc2
Nc4 22. Bc1 Re8 23. Rb1 Rxb1 24. Qxb1 Nd6 25. Ba3 Nfe4 26. Rc1 Qa5 27. Bb4 Qc7
28. a4 a5 29. Bc5 Nxc5 30. dxc5 Qxc5 31. Nd4 Bf6 32. Nb3 Qa7 33. Rd1 Re2 34.
Nd4 Bxd4 35. cxd4 Ne4 36. Rf1 Qxd4 37. Qb8+ Kg7 38. Qf4 Qc3 39. Kh2 Nd2 40. Rd1
Qc2 41. Qd4+ Kg8 42. Ra1 Nb3 43. Qxd5 Nxa1 44. Qd8+ Kg7 45. Qd4+ Kf8 46. Qd6+
Re7 47. Qf6 Qc7+ 48. g3 Re2 49. Kg2 Qb7+ 50. Kf1 Qe4 51. Qxa1 Qf3 52. Qd4 Re6
53. Qd8+ Kg7 54. Qd4+ Rf6 55. Ke1 Qh1+ 56. Ke2 Qxh3 57. Qe5 Qh5+ 0-1

[Event "Madrid ch Veteranos 2018-2019"]
[Site "Madrid ESP"]
[Date "2019.01.17"]
[Round "9.1"]
[White "Garcia Martin, Esteban"]
[Black "Elissalt Cardenas, Hector"]
[Result "0-1"]
[WhiteElo "1856"]
[BlackElo "2303"]
[PlyCount "52"]
[EventDate "2019.01.07"]
[EventType "swiss"]
[EventRounds "9"]
[EventCountry "ESP"]
[SourceTitle "Ajedrez en Madrid"]
[Source "lmi"]
[SourceDate "2019.01.07"]
[SourceVersion "1"]
[SourceVersionDate "2019.01.22"]
[SourceQuality "1"]

1. c4 e5 2. Nc3 f5 3. g3 Nf6 4. Bg2 Be7 5. d3 O-O 6. Nf3 d6 7. O-O Qe8 8. Nd5
Nxd5 9. cxd5 Nd7 10. e4 fxe4 11. dxe4 Nc5 12. Qc2 Bg4 13. Nd2 a5 14. f3 Bd7 15.
b3 b5 16. a3 Bg5 17. Re1 Qb8 18. Nf1 Bxc1 19. Raxc1 b4 20. axb4 axb4 21. Ra1
Ra3 22. Rab1 Bb5 23. Red1 Qa7 24. Kh1 Ra2 25. Rb2 Rxb2 26. Qxb2 Nd3 0-1

[Event "Madrid ch Veteranos 2018-2019"]
[Site "Madrid ESP"]
[Date "2019.01.17"]
[Round "9.2"]
[White "Sotoca Aguado, Jose"]
[Black "Lopez de Turiso, Jose Angel"]
[Result "1/2-1/2"]
[WhiteElo "1881"]
[BlackElo "1950"]
[PlyCount "36"]
[EventDate "2019.01.07"]
[EventType "swiss"]
[EventRounds "9"]
[EventCountry "ESP"]
[SourceTitle "Ajedrez en Madrid"]
[Source "lmi"]
[SourceDate "2019.01.07"]
[SourceVersion "1"]
[SourceVersionDate "2019.01.22"]
[SourceQuality "1"]

1. d4 Nf6 2. Nf3 e6 3. Bg5 c5 4. e3 Qb6 5. Bxf6 gxf6 6. b3 d5 7. Bd3 Nc6 8. O-O
Bd7 9. Be2 Rc8 10. c4 dxc4 11. bxc4 cxd4 12. exd4 Qb2 13. Qd2 Qxd2 14. Nbxd2
Bb4 15. Ne4 Be7 16. Rab1 f5 17. Ned2 b6 18. Nb3 Bf6 1/2-1/2

[Event "Madrid ch Veteranos 2018-2019"]
[Site "Madrid ESP"]
[Date "2019.01.17"]
[Round "9.3"]
[White "Martin Rodriguez, Emilio"]
[Black "Martin Martin, Luis Vicente"]
[Result "1-0"]
[WhiteElo "2028"]
[BlackElo "1981"]
[PlyCount "63"]
[EventDate "2019.01.07"]
[EventType "swiss"]
[EventRounds "9"]
[EventCountry "ESP"]
[SourceTitle "Ajedrez en Madrid"]
[Source "lmi"]
[SourceDate "2019.01.07"]
[SourceVersion "1"]
[SourceVersionDate "2019.01.22"]
[SourceQuality "1"]

1. d4 d5 2. c4 c6 3. Nf3 Nf6 4. Nc3 Bf5 5. cxd5 Nxd5 6. Nd2 e6 7. e4 Nxc3 8.
bxc3 Bg6 9. Be2 Nd7 10. O-O Be7 11. f4 h6 12. g4 O-O 13. f5 exf5 14. gxf5 Bh7
15. Nf3 c5 16. Be3 Qc7 17. Bd3 Rad8 18. Rc1 Bf6 19. Qd2 Rfe8 20. Bf4 Qa5 21.
Qb2 c4 22. Bc2 Nb6 23. Bc7 Rc8 24. Bxb6 axb6 25. Rb1 Be7 26. a4 g6 27. fxg6
Bxg6 28. e5 Ba3 29. Qxa3 Bxc2 30. Rb2 Bb3 31. Rg2+ Kh7 32. Ng5+ 1-0

[Event "Madrid ch Veteranos 2018-2019"]
[Site "Madrid ESP"]
[Date "2019.01.17"]
[Round "9.4"]
[White "Viñas Lopez, Carlos"]
[Black "Campos Calvo-Sotelo, Juan"]
[Result "1-0"]
[WhiteElo "1879"]
[BlackElo "1811"]
[PlyCount "61"]
[EventDate "2019.01.07"]
[EventType "swiss"]
[EventRounds "9"]
[EventCountry "ESP"]
[SourceTitle "Ajedrez en Madrid"]
[Source "lmi"]
[SourceDate "2019.01.07"]
[SourceVersion "1"]
[SourceVersionDate "2019.01.22"]
[SourceQuality "1"]

1. d4 b5 2. e4 a6 3. Nf3 e6 4. Bd3 c5 5. c3 Bb7 6. O-O Nf6 7. Re1 Be7 8. a4
cxd4 9. cxd4 b4 10. Bf4 d5 11. e5 Ne4 12. Nbd2 Nxd2 13. Nxd2 Nc6 14. Nb3 Na5
15. Nxa5 Qxa5 16. Qg4 g5 17. Be3 h5 18. Qe2 Kd7 19. Rf1 Rag8 20. b3 g4 21. f4
gxf3 22. Rxf3 Rg7 23. Raf1 Rhg8 24. Rg3 Qb6 25. Rxg7 Rxg7 26. Qxh5 Rg5 27. Bxg5
Qxd4+ 28. Kh1 Qxd3 29. Qxf7 Kc7 30. Qxe7+ Kb6 31. Qxb4+ 1-0

[Event "Madrid ch Veteranos 2018-2019"]
[Site "Madrid ESP"]
[Date "2019.01.17"]
[Round "9.5"]
[White "Sanchez Garcia, Aurelio"]
[Black "Minguela Muñoz, Bienvenido"]
[Result "1/2-1/2"]
[WhiteElo "2058"]
[BlackElo "1802"]
[PlyCount "56"]
[EventDate "2019.01.07"]
[EventType "swiss"]
[EventRounds "9"]
[EventCountry "ESP"]
[SourceTitle "Ajedrez en Madrid"]
[Source "lmi"]
[SourceDate "2019.01.07"]
[SourceVersion "1"]
[SourceVersionDate "2019.01.22"]
[SourceQuality "1"]

1. Nf3 c5 2. e3 d5 3. d4 cxd4 4. exd4 Nf6 5. c4 e6 6. a3 Bd6 7. Nc3 a6 8. c5
Bc7 9. Bd3 Nc6 10. O-O b5 11. b4 h6 12. Re1 O-O 13. Bc2 Re8 14. Ne5 Bxe5 15.
dxe5 Nd7 16. Qh5 Nf8 17. Bxh6 gxh6 18. Re3 Ne7 19. Qxh6 Nf5 20. Bxf5 exf5 21.
Rg3+ Ng6 22. h4 f4 23. Rg5 Rxe5 24. Rxe5 Nxe5 25. Rd1 Ng6 26. Rxd5 Qf8 27. Qg5
Be6 28. Rd6 Qe7 1/2-1/2

[Event "Madrid ch Veteranos 2018-2019"]
[Site "Madrid ESP"]
[Date "2019.01.17"]
[Round "9.6"]
[White "Esteban Amo, Jose M"]
[Black "Pastor Alonso De Prado, Alberto"]
[Result "0-1"]
[WhiteElo "1888"]
[BlackElo "2147"]
[PlyCount "64"]
[EventDate "2019.01.07"]
[EventType "swiss"]
[EventRounds "9"]
[EventCountry "ESP"]
[SourceTitle "Ajedrez en Madrid"]
[Source "lmi"]
[SourceDate "2019.01.07"]
[SourceVersion "1"]
[SourceVersionDate "2019.01.22"]
[SourceQuality "1"]

1. d4 d6 2. Bf4 g6 3. e3 Bg7 4. Nd2 Nd7 5. Ngf3 b6 6. Bc4 e6 7. O-O Bb7 8. Re1
Ne7 9. e4 h6 10. c3 a6 11. a4 g5 12. Bg3 Ng6 13. e5 d5 14. Bd3 Ndf8 15. Kf1 h5
16. h3 Qe7 17. Qc2 Bh6 18. c4 g4 19. Ng1 Qg5 20. Ndf3 gxf3 21. Nxf3 Qe7 22.
cxd5 Bxd5 23. Be4 O-O-O 24. Bxd5 Rxd5 25. Qc4 Kb7 26. Ra3 h4 27. Bh2 Nd7 28.
Rc3 Nb8 29. Re2 a5 30. Rec2 Rc8 31. Ne1 Qd7 32. Nd3 Na6 0-1

[Event "Madrid ch Veteranos 2018-2019"]
[Site "Madrid ESP"]
[Date "2019.01.17"]
[Round "9.7"]
[White "Cabañas Bravo, Juan Andres"]
[Black "Sanchez Peral, Pedro"]
[Result "1-0"]
[WhiteElo "1965"]
[BlackElo "1873"]
[PlyCount "133"]
[EventDate "2019.01.07"]
[EventType "swiss"]
[EventRounds "9"]
[EventCountry "ESP"]
[SourceTitle "Ajedrez en Madrid"]
[Source "lmi"]
[SourceDate "2019.01.07"]
[SourceVersion "1"]
[SourceVersionDate "2019.01.22"]
[SourceQuality "1"]

1. e4 d5 2. exd5 Nf6 3. d4 Bg4 4. Bb5+ Nbd7 5. f3 Bf5 6. c4 a6 7. Bxd7+ Qxd7 8.
Nc3 e6 9. dxe6 fxe6 10. Be3 Bb4 11. Nge2 O-O 12. O-O Rae8 13. Bf2 e5 14. dxe5
Qxd1 15. Rfxd1 Rxe5 16. Rac1 Rfe8 17. a3 Bxc3 18. Nxc3 c6 19. Rd6 Kf7 20. g4
R5e6 21. Rcd1 Bc2 22. Rxe6 Rxe6 23. Rd2 Bb3 24. g5 Ne8 25. c5 Nc7 26. Rd7+ Re7
27. Rxe7+ Kxe7 28. Bg3 Ne6 29. Bd6+ Kf7 30. f4 Kg6 31. Kf2 Kf5 32. Ke3 h6 33.
gxh6 gxh6 34. Ne4 Bd5 35. Ng3+ Kg4 36. f5 Ng5 37. f6 h5 38. Be7 h4 39. Ne2 Nf7
40. Nf4 Kf5 41. Nh5 Ne5 42. Ng7+ Kg6 43. Kf4 Nd3+ 44. Kg4 Nxb2 45. Kxh4 Nc4 46.
a4 Nb2 47. a5 Nc4 48. Bd8 Ne5 49. Ne8 Nd7 50. Be7 Bf7 51. Nd6 Bd5 52. Nxb7 Nxf6
53. Bxf6 Kxf6 54. Kg4 Be6+ 55. Kf4 Bh3 56. Nd8 Bg2 57. h4 Ke7 58. Nb7 Kf6 59.
Nd6 Bd5 60. Ne4+ Ke6 61. h5 Kf7 62. Kf5 Kg7 63. Nf6 Bc4 64. Kg5 Bd3 65. h6+ Kf7
66. Nd7 Be4 67. Nb8 1-0

[Event "Madrid ch Veteranos 2018-2019"]
[Site "Madrid ESP"]
[Date "2019.01.17"]
[Round "9.8"]
[White "Marcos Herrero, Francisco"]
[Black "Gil Sierra, Jacinto"]
[Result "1/2-1/2"]
[WhiteElo "1855"]
[BlackElo "1914"]
[PlyCount "88"]
[EventDate "2019.01.07"]
[EventType "swiss"]
[EventRounds "9"]
[EventCountry "ESP"]
[SourceTitle "Ajedrez en Madrid"]
[Source "lmi"]
[SourceDate "2019.01.07"]
[SourceVersion "1"]
[SourceVersionDate "2019.01.22"]
[SourceQuality "1"]

1. d4 e6 2. c4 f5 3. g3 Nf6 4. Bg2 Bb4+ 5. Bd2 Bxd2+ 6. Qxd2 d6 7. Nf3 Nc6 8.
Nc3 O-O 9. O-O e5 10. Rad1 e4 11. Ne1 Ne7 12. f3 exf3 13. exf3 Bd7 14. Nd3 Ng6
15. Rfe1 Re8 16. Qg5 Rxe1+ 17. Rxe1 Qf8 18. h4 Re8 19. Rxe8 Qxe8 20. Kf2 h6 21.
Qd2 Ne7 22. Nf4 Qf7 23. b3 Kh7 24. Bf1 Kg8 25. b4 g5 26. hxg5 hxg5 27. Nh3 g4
28. Qg5+ Qg6 29. Qxg6+ Nxg6 30. Nf4 Nxf4 31. gxf4 a6 32. fxg4 fxg4 33. Bg2 b6
34. Nd5 Nxd5 35. Bxd5+ Kg7 36. c5 Kf6 37. cxb6 cxb6 38. Kg3 Kf5 39. Bb7 a5 40.
a3 axb4 41. axb4 Be6 42. Bg2 Bb3 43. Bc6 Be6 44. Bg2 Bb3 1/2-1/2

[Event "Madrid ch Veteranos 2018-2019"]
[Site "Madrid ESP"]
[Date "2019.01.17"]
[Round "9.9"]
[White "Hernandez Garcia, Carlos"]
[Black "Gonzalez Rivera, Eduardo"]
[Result "0-1"]
[WhiteElo "1733"]
[BlackElo "2025"]
[PlyCount "118"]
[EventDate "2019.01.07"]
[EventType "swiss"]
[EventRounds "9"]
[EventCountry "ESP"]
[SourceTitle "Ajedrez en Madrid"]
[Source "lmi"]
[SourceDate "2019.01.07"]
[SourceVersion "1"]
[SourceVersionDate "2019.01.22"]
[SourceQuality "1"]

1. e4 e5 2. Nf3 Nc6 3. Bb5 a6 4. Ba4 Nf6 5. O-O Nxe4 6. Re1 Nc5 7. Bxc6 dxc6 8.
Nxe5 Be7 9. d4 Ne6 10. Be3 O-O 11. Nc3 f6 12. Nf3 f5 13. d5 cxd5 14. Nxd5 Bd6
15. c4 f4 16. Bd2 Ng5 17. Rc1 Bg4 18. c5 Nxf3+ 19. gxf3 Bh3 20. Kh1 Qg5 21. Rg1
Qxd5 22. cxd6 Qxd6 23. Bc3 Qxd1 24. Rcxd1 g6 25. Rge1 Rad8 26. Rd2 Kf7 27. Re4
g5 28. Rde2 Rd1+ 29. Re1 Rxe1+ 30. Rxe1 Rd8 31. Kg1 c5 32. a3 b5 33. Kh1 Rd7
34. Re5 Rd1+ 35. Re1 Rxe1+ 36. Bxe1 Ke6 37. Kg1 Kd5 38. Bc3 Kc4 39. Bf6 Kb3 40.
Be5 a5 41. Bf6 b4 42. axb4 axb4 43. Be5 c4 44. Bf6 c3 45. bxc3 bxc3 46. Bxg5 c2
47. Bxf4 Kb2 48. Bd2 c1=Q+ 49. Bxc1+ Kxc1 50. f4 Kd2 51. f5 Bxf5 52. Kg2 Kd3
53. Kg3 Ke4 54. f3+ Ke3 55. h3 Bd7 56. h4 h5 57. Kg2 Bc6 58. Kg3 Bxf3 59. Kh3
Kf4 0-1

[Event "Madrid ch Veteranos 2018-2019"]
[Site "Madrid ESP"]
[Date "2019.01.17"]
[Round "9.10"]
[White "Garcia Diez, Mariano"]
[Black "Perez Cameselle, Francisco"]
[Result "0-1"]
[WhiteElo "1887"]
[BlackElo "1767"]
[PlyCount "74"]
[EventDate "2019.01.07"]
[EventType "swiss"]
[EventRounds "9"]
[EventCountry "ESP"]
[SourceTitle "Ajedrez en Madrid"]
[Source "lmi"]
[SourceDate "2019.01.07"]
[SourceVersion "1"]
[SourceVersionDate "2019.01.22"]
[SourceQuality "1"]

1. e4 g6 2. Nf3 d6 3. g3 Nf6 4. d3 Bg7 5. Bg2 c5 6. O-O Nc6 7. c3 O-O 8. Re1 e5
9. a3 a5 10. h3 Bd7 11. Be3 b5 12. Nbd2 a4 13. d4 cxd4 14. cxd4 Qe7 15. d5 Na5
16. Rc1 Rfc8 17. Qe2 Qd8 18. Bg5 Rxc1 19. Rxc1 Rc8 20. Qe1 Rc7 21. Bf1 Qc8 22.
Rxc7 Qxc7 23. Bxf6 Bxf6 24. Bd3 Qc5 25. Nb1 Bd8 26. Qf1 Bb6 27. h4 h5 28. Nc3
b4 29. Nb1 Nb3 30. Qe1 bxa3 31. Nxa3 Nd4 32. Nxd4 Qxd4 33. Qe2 Bc5 34. Bb5 Bxb5
35. Nxb5 Qb4 36. Na3 Qb3 37. Nc4 Qxg3+ 0-1

[Event "Madrid ch Veteranos 2018-2019"]
[Site "Madrid ESP"]
[Date "2019.01.17"]
[Round "9.11"]
[White "Lopez Orellana, Federico"]
[Black "Camarero Izquierdo, Juan Carlos"]
[Result "0-1"]
[WhiteElo "1694"]
[BlackElo "1860"]
[PlyCount "52"]
[EventDate "2019.01.07"]
[EventType "swiss"]
[EventRounds "9"]
[EventCountry "ESP"]
[SourceTitle "Ajedrez en Madrid"]
[Source "lmi"]
[SourceDate "2019.01.07"]
[SourceVersion "1"]
[SourceVersionDate "2019.01.22"]
[SourceQuality "1"]

1. d4 f5 2. Bf4 d5 3. e3 Nf6 4. Nf3 e6 5. h3 Bd6 6. Bd3 c6 7. Nbd2 O-O 8. O-O
Ne4 9. Bxd6 Qxd6 10. Ne5 Bd7 11. f4 Be8 12. Nxe4 fxe4 13. Be2 Nd7 14. Nxd7 Qxd7
15. Qe1 Rf6 16. Qf2 Rh6 17. Bg4 Bh5 18. Qe2 Bxg4 19. Qxg4 Rf8 20. Rf2 Rg6 21.
Qe2 Qe7 22. Rff1 Qh4 23. Kh1 Rff6 24. Qf2 Rg3 25. Rae1 Rh6 26. Kg1 Qxh3 0-1

[Event "Madrid ch Veteranos 2018-2019"]
[Site "Madrid ESP"]
[Date "2019.01.17"]
[Round "9.12"]
[White "Lopez Heras, Arturo"]
[Black "Lopez Peral, Enrique"]
[Result "1-0"]
[WhiteElo "1858"]
[BlackElo "1702"]
[PlyCount "47"]
[EventDate "2019.01.07"]
[EventType "swiss"]
[EventRounds "9"]
[EventCountry "ESP"]
[SourceTitle "Ajedrez en Madrid"]
[Source "lmi"]
[SourceDate "2019.01.07"]
[SourceVersion "1"]
[SourceVersionDate "2019.01.22"]
[SourceQuality "1"]

1. e4 e5 2. Nf3 Nf6 3. Nxe5 d6 4. Nf3 Nxe4 5. d4 d5 6. Bd3 Be7 7. O-O Nc6 8. a3
O-O 9. c4 Nf6 10. cxd5 Nxd5 11. Nc3 Bf6 12. Nxd5 Qxd5 13. Be3 Bg4 14. Be2 Rad8
15. Rc1 Qd7 16. Qb3 Bxf3 17. Bxf3 Nxd4 18. Bxd4 Qxd4 19. Qxb7 Be5 20. b4 Qb6
21. Rc5 Qxb7 22. Bxb7 Rb8 23. Bf3 Rfd8 24. Rxe5 1-0

[Event "Madrid ch Veteranos 2018-2019"]
[Site "Madrid ESP"]
[Date "2019.01.17"]
[Round "9.13"]
[White "Garcia Galeote, Lorenzo"]
[Black "Diaz Begonte, Manuel"]
[Result "1-0"]
[WhiteElo "1895"]
[BlackElo "1552"]
[PlyCount "73"]
[EventDate "2019.01.07"]
[EventType "swiss"]
[EventRounds "9"]
[EventCountry "ESP"]
[SourceTitle "Ajedrez en Madrid"]
[Source "lmi"]
[SourceDate "2019.01.07"]
[SourceVersion "1"]
[SourceVersionDate "2019.01.22"]
[SourceQuality "1"]

1. d4 d5 2. Nf3 Nf6 3. e3 Bf5 4. Bd3 Bxd3 5. Qxd3 c6 6. O-O e6 7. Nbd2 Nbd7 8.
b3 Bd6 9. Bb2 Qe7 10. e4 dxe4 11. Nxe4 Nxe4 12. Qxe4 Nf6 13. Qe2 O-O 14. Rad1
Ba3 15. c4 Bxb2 16. Qxb2 Rfd8 17. Rfe1 Qc7 18. b4 b5 19. Rc1 Rab8 20. a3 a5 21.
Ne5 axb4 22. axb4 Rd6 23. Rc2 bxc4 24. Rxc4 Nd5 25. Rec1 Ne7 26. Qe2 f6 27. Nd3
Nd5 28. Nc5 Qc8 29. Ne4 Rd8 30. Rxc6 Qd7 31. b5 Nf4 32. Nxf6+ gxf6 33. Qg4+ Ng6
34. Rc7 Qxd4 35. Qxe6+ Kh8 36. g3 Rxb5 37. Qf7 1-0

[Event "Madrid ch Veteranos 2018-2019"]
[Site "Madrid ESP"]
[Date "2019.01.17"]
[Round "9.14"]
[White "Largo Barbero, Benito"]
[Black "Rodriguez Bachiller, Luis"]
[Result "1-0"]
[WhiteElo "1872"]
[BlackElo "1613"]
[PlyCount "83"]
[EventDate "2019.01.07"]
[EventType "swiss"]
[EventRounds "9"]
[EventCountry "ESP"]
[SourceTitle "Ajedrez en Madrid"]
[Source "lmi"]
[SourceDate "2019.01.07"]
[SourceVersion "1"]
[SourceVersionDate "2019.01.22"]
[SourceQuality "1"]

1. d4 d6 2. e4 Nf6 3. Nc3 g6 4. Bc4 Bg7 5. Bg5 a6 6. Nf3 O-O 7. h4 Bg4 8. Qd2
b5 9. Bd3 c5 10. Nh2 cxd4 11. Bxf6 Bxf6 12. Nd5 Be6 13. Nxf6+ exf6 14. h5 Qd7
15. O-O-O Nc6 16. f4 f5 17. Rdf1 Ne7 18. Qf2 fxe4 19. Bxe4 d5 20. Bd3 Nf5 21.
Ng4 Qc7 22. Bxf5 Bxf5 23. Nh6+ Kh8 24. Nxf5 gxf5 25. Qxd4+ f6 26. h6 Rac8 27.
Rf2 Qc5 28. Qxc5 Rxc5 29. Re1 Rfc8 30. Re6 R5c6 31. Rfe2 Kg8 32. Rxc6 Rxc6 33.
Re7 Rd6 34. Kd2 b4 35. Kd3 a5 36. Rg7+ Kf8 37. Rxh7 Re6 38. Rd7 Kg8 39. Rxd5
Kh7 40. Rxa5 Kxh6 41. Rxf5 Ra6 42. Rb5 1-0

[Event "Madrid ch Veteranos 2018-2019"]
[Site "Madrid ESP"]
[Date "2019.01.17"]
[Round "9.15"]
[White "Roldan Garcia, Angel"]
[Black "Bellagamba, Pascal"]
[Result "1-0"]
[WhiteElo "1812"]
[BlackElo "1640"]
[PlyCount "67"]
[EventDate "2019.01.07"]
[EventType "swiss"]
[EventRounds "9"]
[EventCountry "ESP"]
[SourceTitle "Ajedrez en Madrid"]
[Source "lmi"]
[SourceDate "2019.01.07"]
[SourceVersion "1"]
[SourceVersionDate "2019.01.22"]
[SourceQuality "1"]

1. e4 e5 2. Nf3 Nc6 3. Bb5 Nge7 4. O-O g6 5. c3 Bg7 6. d3 O-O 7. Re1 d6 8. h3
Bd7 9. Nbd2 f5 10. Bc4+ Kh8 11. Ng5 d5 12. exd5 Na5 13. d6 cxd6 14. Nf7+ Rxf7
15. Bxf7 d5 16. c4 Qf8 17. Bxd5 Nxd5 18. cxd5 b6 19. Nc4 Nb7 20. Nxe5 Bb5 21.
d4 Nd6 22. a4 Be8 23. Bf4 Qg8 24. Nxg6+ hxg6 25. Bxd6 Qxd5 26. Be5 Bc6 27. f3
Rd8 28. Rc1 Rd7 29. Qc2 Bb7 30. Qc4 Qa5 31. Qe6 Qxa4 32. Qe8+ Kh7 33. Bxg7 Kxg7
34. Re7+ 1-0

[Event "Madrid ch Veteranos 2018-2019"]
[Site "Madrid ESP"]
[Date "2019.01.17"]
[Round "9.16"]
[White "Fernandez Garcia, Ignacio"]
[Black "Ramos Antona, Enrique"]
[Result "1-0"]
[WhiteElo "1769"]
[BlackElo "1561"]
[PlyCount "43"]
[EventDate "2019.01.07"]
[EventType "swiss"]
[EventRounds "9"]
[EventCountry "ESP"]
[SourceTitle "Ajedrez en Madrid"]
[Source "lmi"]
[SourceDate "2019.01.07"]
[SourceVersion "1"]
[SourceVersionDate "2019.01.22"]
[SourceQuality "1"]

1. e4 d6 2. d4 Nf6 3. Nc3 g6 4. f3 Bg7 5. Be3 c6 6. Qd2 b5 7. g4 Bb7 8. h4 e5
9. O-O-O Qa5 10. dxe5 Nfd7 11. f4 b4 12. Nb1 Qxa2 13. Qxb4 Ba6 14. Bxa6 Nxa6
15. Qxd6 Qe6 16. Qa3 Nc7 17. Nc3 Bf8 18. Qa5 Nb5 19. Nxb5 cxb5 20. Qxb5 a6 21.
Qa4 Qxg4 22. f5 1-0